Shedding your bets (Record no. 78108)
[ view plain ]
| 000 -LEADER | |
|---|---|
| fixed length control field | 00722cab a2200193 4500 |
| 001 - CONTROL NUMBER | |
| control field | L136037 |
| 008 - FIXED-LENGTH DATA ELEMENTS--GENERAL INFORMATION | |
| fixed length control field | 070103n2006 000 0 eng u |
| 035 ## - SYSTEM CONTROL NUMBER | |
| System control number | (Sirsi) u136037 |
| 041 0# - LANGUAGE CODE | |
| Language code of text/sound track or separate title | eng |
| 100 1# - MAIN ENTRY--PERSONAL NAME | |
| Personal name | Tebbitts, Giles |
| 245 00 - TITLE STATEMENT | |
| Title | Shedding your bets |
| 260 ## - PUBLICATION, DISTRIBUTION, ETC. | |
| Date of publication, distribution, etc. | 2006 |
| 490 #0 - SERIES STATEMENT | |
| Series statement | Property Forecast |
| Volume/sequential designation | 9(12) December 2006, 8-11(3) |
| 520 ## - SUMMARY, ETC. | |
| Summary, etc. | Discusses the success of the industrial rental market, and the likelihood that yields will level off in 2007. Discusses changes in industrial employment and floorspace, location trends, planning permission and environmental issues. |
| 590 ## - LOCAL NOTE (RLIN) | |
| Local note | KA |
| 651 #4 - SUBJECT ADDED ENTRY--GEOGRAPHIC NAME | |
| Geographic name | United Kingdom |
| Chronological subdivision | |
| 690 ## - LOCAL SUBJECT ADDED ENTRY--TOPICAL TERM (OCLC, RLIN) | |
| Topical term or geographic name as entry element | PROPERTY-COMMERCIAL PROPERTY-COMMERCIAL PROPERTY MARKET |
| 942 ## - ADDED ENTRY ELEMENTS (KOHA) | |
| Suppress in OPAC | 0 |
| Withdrawn status | Lost status | Source of classification or shelving scheme | Damaged status | Not for loan | Home library | Current library | Shelving location | Date acquired | Total Checkouts | Full call number | Barcode | Date last seen | Copy number | Price effective from | Koha item type |
|---|---|---|---|---|---|---|---|---|---|---|---|---|---|---|---|
| Dewey Decimal Classification | London | London | Journal article | 03/01/2007 | L136037 | 136037-1001 | 06/08/2019 | 1 | 06/08/2019 | Journal article |